00494nam a22001577a 4500003000400000008004100004020001800045082002100063245007000084260006900154300001400223650004100237650001700278650001900295700002200314OSt260606b |||||||| |||| 00| 0 eng d a9789394023031 a631.410284bA11P aPractical Manual on Soil Testing/bby Priyadarshani A...[et al.]  aDelhi:bInternational Books & Periodicals Supply Service;c2023. axi, 98 p. aAgriculture and related technologies aSoil science aSoil chemistry aA, Priyadarshani